Sellers regaining upper hand (Record no. 73239)

MARC details
000 -LEADER
fixed length control field 01342cam a2200265 4500
001 - CONTROL NUMBER
control field WB3931-21
008 - FIXED-LENGTH DATA ELEMENTS--GENERAL INFORMATION
fixed length control field 030819n2003 000 0 eng u
035 ## - SYSTEM CONTROL NUMBER
System control number (Sirsi) u123296
245 ## - TITLE STATEMENT
Title Sellers regaining upper hand
260 ## - PUBLICATION, DISTRIBUTION, ETC.
Date of publication, distribution, etc. 2003
490 ## - SERIES STATEMENT
Series statement RICS Press Release
Volume/sequential designation (pr082)
520 ## - SUMMARY, ETC.
Summary, etc. The latest "RICS housing market survey England and Wales " for the three months to July 2003 shows stagnation in the number of houses coming on to the market, more buyer enquiries and increased competition for properties, coupled with improved market confidence. In July, only 2% more surveyors reported a rise in new instructions than a fall, unsold property stocks fell for the first time since last November and 11% more surveyors reported a rise in buyer enquiries than a fall. For the next three months, 32% more surveyors expect sales to rise than fall.
590 ## - LOCAL NOTE (RLIN)
Local note WB
650 ## - SUBJECT ADDED ENTRY--TOPICAL TERM
Topical term or geographic name entry element RICS SURVEYS
650 ## - SUBJECT ADDED ENTRY--TOPICAL TERM
Topical term or geographic name entry element MARKET SURVEYS
650 ## - SUBJECT ADDED ENTRY--TOPICAL TERM
Topical term or geographic name entry element RICS HOUSING MARKET SURVEY ENGLAND AND WALES
650 ## - SUBJECT ADDED ENTRY--TOPICAL TERM
Topical term or geographic name entry element HOUSE PRICES
650 ## - SUBJECT ADDED ENTRY--TOPICAL TERM
Topical term or geographic name entry element RESIDENTIAL PROPERTY
9 (RLIN) 6266
650 ## - SUBJECT ADDED ENTRY--TOPICAL TERM
Topical term or geographic name entry element Sales
9 (RLIN) 6269
650 ## - SUBJECT ADDED ENTRY--TOPICAL TERM
Topical term or geographic name entry element BUYERS
650 ## - SUBJECT ADDED ENTRY--TOPICAL TERM
Topical term or geographic name entry element HOUSING MARKET FORECASTS
690 ## - LOCAL SUBJECT ADDED ENTRY--TOPICAL TERM (OCLC, RLIN)
Topical term or geographic name as entry element PROPERTY-RESIDENTIAL PROPERTY-RESIDENTIAL PROPERTY MARKET
856 ## - ELECTRONIC LOCATION AND ACCESS
Uniform Resource Identifier <a href="https://www.rics.org/RICSWEB/getpage.aspx?p=HSWM7sycs0-wAGJycOVT3g">https://www.rics.org/RICSWEB/getpage.aspx?p=HSWM7sycs0-wAGJycOVT3g</a>
Public note View article
942 ## - ADDED ENTRY ELEMENTS (KOHA)
Suppress in OPAC 0
Holdings
Withdrawn status Lost status Source of classification or shelving scheme Damaged status Not for loan Home library Current library Shelving location Date acquired Total Checkouts Full call number Barcode Date last seen Copy number Price effective from Koha item type
    Dewey Decimal Classification     London London Journal article 19/08/2003   WB3931-21 123296-1001 06/08/2019 1 06/08/2019 Journal article